Loading...
| History - Other | 1 | 2 | 0 | 0 | 35 | 65 | 113.67 | 0 | 0 | 5.07 | 12.18 |
| History - European | 1 | 1 | 0 | 0 | 25 | 62 | 95.00 | 0 | 1 | 5.89 | 12.23 |
| Modern World | 0 | 2 | 0 | 0 | 20 | 100 | 106.00 | 0 | 0 | 7.90 | 18.06 |
| History - American | 0 | 2 | 0 | 1 | 20 | 103 | 124.00 | 0 | 0 | 2.27 | 4.18 |
| Literature - World | 0 | 2 | 1 | 0 | 15 | 138 | 147.00 | 0 | 0 | 1.28 | 4.73 |
| Geography | 1 | 0 | 0 | 0 | 15 | 78 | 78.00 | 0 | 1 | 12.50 | 21.15 |
| History - World | 1 | 0 | 1 | 0 | 10 | 72 | 72.00 | 0 | 0 | 3.79 | 5.64 |
| Literature - European | 0 | 1 | 0 | 1 | 10 | 148 | 148.00 | 0 | 0 | 0.05 | 0.64 |
| Other Academic | 0 | 1 | 0 | 1 | 10 | 156 | 156.00 | 0 | 0 | 0.09 | 1.10 |
| Literature - British | 0 | 1 | 1 | 0 | 5 | 147 | 147.00 | 0 | 0 | 0.30 | 1.92 |
| Literature - American | 0 | 0 | 1 | 0 | -5 | 0.00 | 0 | 0 | 0.00 | 0.00 | |
| Religion | 0 | 0 | 1 | 0 | -5 | 0.00 | 0 | 0 | 0.00 | 0.00 |